000 00536nam a2200205Ia 4500
003 OSt
005 20230504112437.0
008 210423s2006 xx 000 0 und d
020 _a8131201287
040 _cAL
041 _aeng
082 _a574.0724
_223
_bATAA
100 _aATALA (Anthony);LANZA (Robert P),Ed.
_997576
245 _aMethods of tissue engineering.
260 _aLondon
_bAcademic Press
_c2006
300 _axli,1285
_bPB
365 _b1295
_cINR
906 _aengineering. ; Methods ; tissue
942 _2ddc
_cBK
999 _c163552
_d163552